Biggest natural resources producers - Statistics

General Stats
  • This quiz has been taken 644 times
    638 since last reset
  • The average score is 22 of 29
Answer Stats
Answer % Correct
United States of America
99%
China
97%
Russia
97%
Saudi Arabia
96%
Brazil
94%
Canada
94%
Australia
92%
India
92%
Iran
91%
South Africa
90%
Mexico
89%
Argentina
88%
Japan
87%
Indonesia
82%
France
81%
Chile
79%
Niger
79%
Ukraine
76%
Democratic Republic of Congo
74%
Peru
74%
Kazakhstan
73%
Norway
68%
South Korea
68%
Bolivia
64%
Botswana
56%
Namibia
52%
Qatar
50%
Zimbabwe
42%
Gabon
18%
No matching quizzes found
Score Distribution
Percent of People with Each Score
Percentile by Number Answered
Your Score History
You have not taken this quiz since the last reset